Vald Discographie Complète 2025 - Statistiques

Statistiques générales
  • Ce quiz a été pris 140 fois
    20 depuis la dernière actualisation
  • Le résultat moyen est 85 sur 254
Statistiques - réponses
HintFeat Réponse % Correct
PANDEMONIUM DIEU MERCI
88%
XEU Dragon
88%
NQNTMQMQMB Journal perso
88%
Ce monde est cruel Journal perso II
88%
PANDEMONIUM REGULATION
88%
Agartha Vitrine
88%
PANDEMONIUM 93 MILLIARDS
75%
NQNT 3 Accordé
75%
Feat Lefa Bitch
75%
Feat Lorenzo Bizarre
75%
Ce monde est cruel Ce monde est cruel
75%
Ce monde est cruel Dernier retrait
75%
XEU Désaccordé
75%
Feat Vladimir Cauchemar Elevation
75%
Agartha Eurotrap
75%
Horizon vertical Guccissima
75%
Agartha Ma meilleure amie
75%
Cours de rattrapage NQNT
75%
PANDEMONIUM PANDEMONIUM
75%
V Peon
75%
Feat Alkpote Plus haut
75%
XEU Possédé
75%
Ce monde est cruel Rappel
75%
NQNT33 Rechute
75%
V Anunnaki
63%
Ce monde est cruel ASB
63%
NQNT 2 Bonjour
63%
XEU Deviens génial
63%
XEU DQTP
63%
Feat Bigflo & Oli Fan
63%
PANDEMONIUM GAUCHE DROITE
63%
XEU Gris
63%
Ce monde est cruel Halloween
63%
V Happy End
63%
NQNT33 | NQNTMQMQMB Interlude
63%
PANDEMONIUM interlude
63%
Agartha Je t'aime
63%
Ce monde est cruel Keskivonfer
63%
PANDEMONIUM LETHARGIE
63%
Agartha Lezarman
63%
V Maudit
63%
Ce monde est cruel NQNTMQMQMB
63%
V Pandémie
63%
Ce monde est cruel Pensionman
63%
Ce monde est cruel Poches pleines
63%
Feat Gringe, Orelsan et Suikon Blaz AD Qui dit mieux
63%
XEU Réflexions basses
63%
XEU Résidus
63%
PANDEMONIUM ROCHE NOIRE
63%
XEU Seum
63%
Agartha Strip
63%
PANDEMONIUM SUPERMAN
63%
NQNT 2 Taga
63%
PANDEMONIUM UFOV
63%
NQNT Autiste
50%
Agartha Blanc
50%
Horizon vertical Canada
50%
XEU Chépakichui
50%
PANDEMONIUM DARKNET
50%
Agartha Dernier verre
50%
VV5 ECHELON FREESTYLE
50%
Single Footballeur
50%
PANDEMONIUM FUMEE
50%
Echelon vol 1 Gotaga
50%
Horizon vertical Horizon vertical
50%
Feat Sofiane Iencli
50%
Agartha Kid Cudi
50%
V Laisse tomber
50%
Agartha L.D.S
50%
PANDEMONIUM LES ECHAPPES
50%
Agartha Libellule
50%
Ce monde est cruel Ma star
50%
Horizon vertical Matrixé
50%
Agartha Megadose
50%
XEU Offshore
50%
PANDEMONIUM PARADIS PERDU
50%
Agartha Petite chatte
50%
XEU Primitif
50%
PANDEMONIUM PROZACZOPIXAN
50%
PANDEMONIUM QUE DES PROBLEMES
50%
VV5 REFLEXIONS TRES BASSES
50%
V Regarde toi
50%
XEU Rituel
50%
XEU Rocking Chair
50%
Ce monde est cruel Royal Bacon
50%
Horizon vertical Royal cheese
50%
VV5 SATAN 3
50%
NQNT 2 Selfie
50%
NQNT Shoote Un Ministre
50%
Agartha Si j'arrêtais
50%
V Sur un nouvel album
50%
Agartha Totem
50%
NQNT 3 | XEU Trophée
50%
Agartha Acacia
38%
Horizon vertical Adios
38%
NQNT Aulnay Sous Bois
38%
NQNT 3 | NQNT33 Berflam
38%
V Bien sûr
38%
NQNT33 Champignon
38%
NQNT Flowjob
38%
PANDEMONIUM FLPVCOF
38%
NQNT 3 Jean Teh
38%
XEU Jentertain
38%
Feat Jul J'suis loin
38%
Feat Heuss L'enfoiré L'addition
38%
V La faux le fer
38%
NQNT33 MacDo
38%
XEU Ne me déteste pas
38%
Ce monde est cruel No Friends
38%
V Papoose
38%
NQNT Par Toutatis
38%
Feat Koba LaD Pas de reine
38%
Ce monde est cruel Pourquoi
38%
NQNT 2 Promesse
38%
V Rappeur conscient
38%
V Un mot
38%
NQNT 2 Urbanisme
38%
Feat Souffrance Voraces
38%
NQNT33 YAX3
38%
Horizon vertical 1992
25%
Horizon vertical 2014
25%
NQNT 3 | NQNT33 Baby Squirt
25%
VV5 BAD
25%
NQNT 3 Baraccuda
25%
Feat Georgio Barbara
25%
NQNT 2 Cartes sous l'coude
25%
Echelon vol 1 C'est pas nous les méchants
25%
Feat Rim'K Delorean
25%
Horizon vertical Diviser pour mieux régner
25%
Echelon vol 2 Echelon 2
25%
Single Envie
25%
NQNT 3 | NQNT33 Foie gras
25%
Single Gizeh
25%
Ce monde est cruel Ignorant
25%
NQNT 2 Infanticide
25%
Feat Gims Jetez pas l'oeil
25%
NQNT 2 Joffrey
25%
Ce monde est cruel J'pourrai
25%
Feat 7 Jaws Jusqu'à la fin
25%
NQNT33 Kamasutra
25%
Cours de rattrapage | Feat INCH et Georgio La ive
25%
Horizon vertical Mauvais
25%
VV5 MICROPHONE CHECK
25%
Echelon vol 2 Mushu
25%
NQNT33 Non stop
25%
NQNT 3 Pas comme eux
25%
V Pas deux fois
25%
NQNT33 Possédé - Remix
25%
NQNT 2 Retour
25%
NQNT33 Rhumance
25%
Single Semi-Auto
25%
VV5 Sushi
25%
VV5 TECHNIQUE
25%
Horizon vertical VHR
25%
NQNT Vie De Cochon
25%
VV5 AUCUN RETOUR
13%
Freestyle Booska-P BooskAgartha
13%
Freestyle Booska-P Booska NQNT
13%
Freestyle Booska-P Booska NQNT 2
13%
Freestyle Booska-P Booska Vald
13%
NQNTMQMQMB Branleur
13%
Cours de rattrapage Bukkake
13%
Feat Tunisiano, Sofiane et Ol Kainry Carré
13%
NQNT C'est Pour
13%
Single Compas
13%
NQNT | NQNTMQMQMB CQFD
13%
Cours de rattrapage Cylindrique
13%
NQNTMQMQMB Elyxir
13%
Cours de rattrapage Encore
13%
VV5 FEELING
13%
VV5 FORFAIT
13%
NQNTMQMQMB Gouaould
13%
Feat Kalash Criminel, Sofiane et Mac Tyer Guedro
13%
NQNT Horrible
13%
Cours de rattrapage La comptine de Sullyvan
13%
NQNTMQMQMB Lalala
13%
Single Le mignon
13%
NQNTMQMQMB Lettre à Elise
13%
NQNTMQMQMB Lune
13%
Feat Alkpote Meilleur lendemain
13%
Horizon vertical Mélange
13%
Cours de rattrapage Mon présent
13%
Agartha Neo
13%
Cours de rattrapage Nique le bordel
13%
NQNT33 No Tube Zone
13%
NQNT 2 Ogre
13%
NQNT 3 | Single Pentacle et bougie
13%
NQNT PF
13%
Feat Naps Pour eux
13%
Cours de rattrapage Pour si peu
13%
Cours de rattrapage Que fait la police
13%
NQNT 2 Quidam
13%
V Qui écoute ?
13%
Feat Georgio, Alpha Wann et Lomepal Sex, Drug & Rock'n'roll
13%
VV5 SHOW
13%
NQNT | NQNTMQMQMB Smiley
13%
NQNT 3 | NQNT33 Sombre soirée
13%
NQNT Sullyvan
13%
NQNTMQMQMB Surprise
13%
VV5 TELLEMENT TOI
13%
Feat Kalash Criminel Un jour de plus
13%
Feat Hornet La Frappe Valise
13%
Cours de rattrapage V.A.L.S.E
13%
NQNTMQMQMB Verre de sang
13%
NQNT33 Vlad
13%
Feat Sofiane, Heuss L'enfoiré, Soolking, Sadek et Mac Tyer Woah
13%
Cours de rattrapage Adulez-moi
0%
Feat Sadek Alliance
0%
Cours de rattrapage Ass propos
0%
Cours de rattrapage Bad Trip
0%
Feat Rabakar Borderline
0%
Feat Grödash, Lomepal, Georgio, A2h, Eech, Rmak et Kema Daymolition Freestyle
0%
NQNTMQMQMB Deuspi
0%
Feat INCH, K-Ro et Suikon Blaz AD Ding dong
0%
NQNT33 Dis moi tout BB
0%
Cours de rattrapage Donkey Punch
0%
NQNT Elle Me Regarde
0%
Cours de rattrapage Épices loufoques
0%
NQNTMQMQMB Evoluchienne
0%
NQNTMQMQMB Fado
0%
NQNTMQMQMB Guedin
0%
Cours de rattrapage Hippopotomonstrosesquippedaliophobie
0%
Single Instinct
0%
Cours de rattrapage J'ai vu
0%
V Je ressent rien
0%
Cours de rattrapage John Doe
0%
NQNT 3 | NQNT33 Mana
0%
NQNT 3 Maya
0%
NQNTMQMQMB Metafion
0%
NQNT33 Molly interlude
0%
Feat Goune Mon insolence
0%
Feat INCH, Katana, Zekwe Ramos et Rabakar Numéro 13
0%
NQNTMQMQMB Pas grave
0%
Feat Alkpote Pleurez !
0%
Cours de rattrapage Poésie moderne
0%
NQNT 3 Possédé Framboise
0%
Feat INCH et Suikon Blaz AD Quoi d'neuf frérot
0%
NQNTMQMQMB Rockstar
0%
VV5 RUFF RYDERZ
0%
Cours de rattrapage Spirale
0%
NQNT 3 Symphonie
0%
NQNTMQMQMB Teh stylé
0%
NQNTMQMQMB Winston
0%
Aucun quiz correspondant
Distribution des résultats
% des personnes avec chaque résultat
Percentile par nombre de réponses
Votre historique - résultats
Vous n’avez pas pris ce quiz depuis la dernière actualisation